Score 0/50 Timer 12:00
0 Plays Today
% Correct
Forrest Gump
98.3%
E.T. the Extra-Terrestrial
96.4%
The Wizard of Oz
95.8%
Titanic
93.7%
Avatar
92.9%
Pirates of the Caribbean: Dead Man's Chest
91.4%
Singin' in the Rain
90.2%
Harry Potter and the Sorcerer's Stone or Philosopher's Stone
90%
Dirty Dancing
89.2%
Mary Poppins
88.2%
Rocky
86.7%
Grease
86.6%
Star Wars: Episode IV - A New Hope
86.2%
Ghostbusters
86%
The Matrix Reloaded
85.2%
Gladiator
84.7%
Shawshank Redemption
84.2%
Top Gun
83.1%
Juno
81.5%
Back to the Future
80.7%
The Dark Knight
80%
Fight Club
79.6%
Braveheart
79.2%
Million Dollar Baby
79%
The Hunger Games: Catching Fire
78.7%
% Correct
Ghost
77.8%
The Shining
75.8%
The Silence of the Lambs
75.7%
Scarface
75.6%
Wayne's World
75.2%
Dumb and Dumber
73.6%
Napoleon Dynamite
72.3%
Pulp Fiction
70.6%
Raiders of the Lost Ark
69.4%
The Graduate
68.7%
The Karate Kid
67.9%
To Kill a Mockingbird
67.7%
Risky Business
66%
The Breakfast Club
64.1%
Stand By Me
64%
Pretty Woman
62.2%
The Big Lebowski
59.5%
Basic Instinct
56.1%
Reservoir Dogs
52.3%
Mamma Mia!
50.1%
Taxi Driver
45.4%
It's a Wonderful Life
36%
Monty Python's Life of Brian
34%
Zoolander
28.3%
Butch Cassidy and the Sundance Kid
24%
Remove Ads.
Support Sporcle.
Get the best of Sporcle when you Go Orange. This ad-free experience offers more features, more stats, and more fun while also helping to support Sporcle. Thank you for becoming a member.

You're not logged in!

Compare scores with friends on all Sporcle quizzes.
OR
Log In

Show Comments

Extras

Top Quizzes Today


Score Distribution

Your Account Isn't Verified!

In order to create a playlist on Sporcle, you need to verify the email address you used during registration. Go to your Sporcle Settings to finish the process.

Report this User

Report this user for behavior that violates our Community Guidelines.

Details: